[Event "Khanty-Mansiysk FIDE GP (Women)"]
[Site "Khanty-Mansiysk"]
[Date "2014.04.16"]
[Round "7"]
[White "Hou, Yifan"]
[Black "Ushenina, Anna"]
[Result "1-0"]
[WhiteElo "2618"]
[BlackElo "2501"]
[Annotator "ChessBase Website"]
[PlyCount "95"]
[EventDate "2014.04.09"]
[EventType "tourn"]
[EventRounds "11"]
[EventCountry "RUS"]
[EventCategory "10"]
[SourceTitle "CBM 160"]
[Source "ChessBase"]
[SourceDate "2014.05.15"]
[SourceVersion "1"]
[SourceVersionDate "2014.05.15"]
[SourceQuality "1"]
[TimeControl "40/5400+30:1800+30"]
[WhiteClock "1:30:00"]
[BlackClock "1:30:00"]

1. e4 {[%emt 0:00:00]} c5 {[%emt 0:00:00]} 2. Nf3 {[%emt 0:00:00]} d6 {[%emt 0:
00:04]} 3. Bb5+ {[%emt 0:00:14]} Bd7 {[%emt 0:00:11]} 4. c4 {[%emt 0:01:22]}
Nf6 {[%emt 0:02:15]} 5. Nc3 {[%emt 0:00:10]} g6 {[%emt 0:04:30]} 6. d4 {
[%emt 0:11:29]} cxd4 {[%emt 0:00:39]} 7. Nxd4 {[%emt 0:00:09]} Bg7 {[%emt 0:03:
23]} 8. Be3 {[%emt 0:00:26]} (8. O-O O-O 9. Bxd7 Qxd7 10. b3 Nc6 11. Bb2 a6 12.
Nxc6 Qxc6 13. Nd5 Nxd5 14. exd5 Qc5 15. Bxg7 Kxg7 16. Re1 e5 17. dxe6 fxe6 18.
Qd2 Rf6 19. Rad1 Raf8 20. Re2 e5 21. a4 R8f7 22. h3 Qb6 23. Qc2 Qb4 24. f3 b5
25. cxb5 axb5 26. Re4 Qa5 27. Rd5 Qb6+ 28. Kh2 bxa4 29. bxa4 Rc7 30. Qd2 Rc6
31. a5 Qc7 32. Re2 Rf4 33. Rexe5 dxe5 34. Rd7+ Rf7 35. Rxc7 Rcxc7 36. Qd6 Rfe7
37. a6 Rcd7 {Adams,M (2752)-Areshchenko,A (2720) Warsaw 2013 1/2-1/2}) 8... Nc6
{[%emt 0:17:13]} 9. f3 {[%emt 0:05:43]} O-O {[%emt 0:01:04]} 10. O-O {[%emt 0:
01:29]} Nxd4 {[%emt 0:23:02]} 11. Bxd4 {[%emt 0:00:11]} Bxb5 $146 {[%emt 0:02:
31]} (11... Be6 12. Nd5 {Munoz Pantoja,M (2457)-Kovchan,A (2577) Sitges op
39th 2013 (8) 1/2}) 12. cxb5 {[%emt 0:07:02]} Qa5 {[%emt 0:09:05]} 13. Qd3 {
[%emt 0:03:25]} Qb4 {[%emt 0:06:37]} 14. Rfd1 {[%emt 0:10:29]} Rfc8 {[%emt 0:
02:36]} 15. a3 {[%emt 0:10:39]} Qb3 {[%emt 0:01:52]} 16. Qe2 {[%emt 0:00:24]}
e6 {[%emt 0:02:01]} 17. Rd3 {[%emt 0:02:13]} Qc4 {[%emt 0:00:36]} 18. Rad1 {
[%emt 0:01:11]} Ne8 {[%emt 0:01:15]} 19. Qd2 $14 {[%emt 0:07:27][%csl Ra8]}
Bxd4+ {[%emt 0:02:55] The rematch between the World Champion and the ex-World
Champion culminated and yet another victory for Hou Yifan. Their previous
encounter, in the European Club Cup, also favored the Chinese. This time Hou
Yifan stayed away from the main theoretical routes, but Ushenina got an
acceptable position. At some point though she miscalculated the transition to
the endgame and her opponent accurately calculated the consequences of the
rook endgame, which ended with Hou Yifan simply queening her pawns.} 20. Rxd4 {
[%emt 0:00:01]} Qc5 {[%emt 0:00:12]} 21. Kh1 {[%emt 0:00:33]} Rc7 {[%emt 0:01:
00]} 22. h3 {[%emt 0:02:36]} Rac8 {[%emt 0:01:31]} 23. Qh6 {[%emt 0:01:49]} Qe5
{[%emt 0:01:33]} 24. Qh4 {[%emt 0:02:26]} Kg7 {[%emt 0:05:19]} 25. f4 {[%emt 0:
01:51]} Qf6 {[%emt 0:00:47]} 26. Qg3 {[%emt 0:00:47]} Rc4 {[%emt 0:01:05]} 27.
R4d3 {[%emt 0:01:52]} Qe7 {[%emt 0:01:07]} 28. Qe3 {[%emt 0:00:39]} b6 {
[%emt 0:01:52]} 29. a4 {[%emt 0:06:57]} Qc7 {[%emt 0:02:47]} 30. e5 {[%emt 0:
03:13]} dxe5 {[%emt 0:01:42]} 31. Rd7 {[%emt 0:01:15]} Qc5 {[%emt 0:00:13]} 32.
Qxc5 {[%emt 0:03:18]} R8xc5 {[%emt 0:00:05]} 33. Rxa7 {[%emt 0:00:41]} Nf6 {
[%emt 0:00:32]} 34. Rd6 {[%emt 0:02:25]} Ne4 {[%emt 0:02:01]} 35. Rxb6 {
[%emt 0:06:53]} Nxc3 {[%emt 0:00:06]} 36. bxc3 {[%emt 0:00:02]} Rxf4 {[%emt 0:
00:24]} 37. Rxe6 {[%emt 0:01:40]} Rxc3 {[%emt 0:00:35]} 38. Rxe5 {[%emt 0:00:
16]} Rf1+ {[%emt 0:02:07]} 39. Kh2 {[%emt 0:00:01]} Rc2 {[%emt 0:00:27]} 40. b6
{[%emt 0:00:00]} Rff2 {[%emt 0:00:00]} 41. Rg5 {[%emt 0:01:07]} Kh6 {[%emt 0:
08:09]} 42. h4 {[%emt 0:04:41]} f6 {[%emt 0:00:58]} 43. b7 {[%emt 0:01:51]} Rb2
{[%emt 0:02:12]} 44. Rb5 {[%emt 0:01:38]} Rxg2+ {[%emt 0:00:29]} 45. Kh3 {
[%emt 0:00:05]} Rh2+ {[%emt 0:02:01]} 46. Kg3 {[%emt 0:00:00]} Rbg2+ {[%emt 0:
08:33]} 47. Kf3 {[%emt 0:00:12]} Rf2+ {[%emt 0:01:19]} 48. Ke4 1-0

[Event "YUG-chT"]
[Site "Tivat"]
[Date "1995.??.??"]
[Round "6"]
[White "Rublevsky, Sergei"]
[Black "Sakaev, Konstantin"]
[Result "1/2-1/2"]
[WhiteElo "2595"]
[BlackElo "2570"]
[Annotator "Dolmatov,S"]
[PlyCount "43"]
[EventDate "1995.??.??"]
[EventType "team-swiss"]
[EventRounds "11"]
[EventCountry "YUG"]
[SourceTitle "CBM 048 Extra"]
[Source "ChessBase"]
[SourceDate "1995.11.01"]
[SourceVersion "1"]
[SourceVersionDate "1995.11.01"]
[SourceQuality "1"]

1. e4 c5 2. Nf3 d6 3. Bb5+ Bd7 4. Bxd7+ Qxd7 5. c4 Nc6 6. Nc3 Nf6 7. O-O Nd4 $5
(7... g6 8. d4 cxd4 9. Nxd4 Bg7 10. Nde2 O-O 11. f3 a6 12. a4 Rfc8 13. b3 Qd8
14. Kh1 $14 {Kramnik,V-Gelfand,B/Sanghi Nagar/1994/1:0/35/ Inf 61/201/}) 8.
Nxd4 cxd4 9. Nb5 Nxe4 (9... e5 $2 10. d3 a6 11. Na3 Be7 12. f4 $14) 10. Re1 $6
(10. Nxd4 e6 11. d3 Nf6 12. b3 Be7 13. Bb2 $14) (10. Qa4 $5 Rc8 (10... Kd8 $6
11. Qc2 $16) 11. Qxa7 (11. Re1 $2 a6 12. Rxe4 axb5 $17) 11... Rxc4 (11... d3
12. b3 $14) 12. d3 Rc8 13. dxe4 Qxb5 14. Qxd4 $16) 10... Nc5 (10... Nf6 $6 11.
Qa4) 11. Nxd4 Nd3 12. Re3 Nxc1 13. Rxc1 g6 (13... e6 14. Qg4 $16) 14. Qf3 (14.
Qe2 Bg7 15. Re1 e5 (15... Bf6 $5) (15... e6 $2 16. Nxe6 fxe6 17. Rxe6+ $40) 16.
Nb5 O-O 17. Rd3 $14) 14... Bg7 15. Rce1 Be5 (15... Bxd4 16. Rxe7+ Qxe7 17.
Rxe7+ Kxe7 18. Qe4+ Be5 19. d4 $14) 16. Nb5 a6 (16... O-O 17. d4 a6 (17... Bf6
18. Nc3 $14) 18. Nc3 $16) 17. d4 $6 (17. Nc3 e6 $1 18. Re4 f5) 17... axb5 18.
dxe5 O-O 19. exd6 Qxd6 $10 20. cxb5 Rxa2 21. Qxb7 Rb8 22. Qxe7 1/2-1/2

[Event "BCF-chTa 1819 (4NCL)"]
[Site "Daventry"]
[Date "2019.02.10"]
[Round "6.14"]
[White "Edouard, Romain"]
[Black "Palliser, Richard"]
[Result "1-0"]
[WhiteElo "2636"]
[BlackElo "2414"]
[Annotator "Edouard,R"]
[PlyCount "117"]
[EventDate "2018.11.10"]
[EventType "team-tourn"]
[EventRounds "11"]
[EventCountry "ENG"]
[SourceTitle "CBM 188 Extra"]
[Source "ChessBase"]
[SourceDate "2019.02.26"]
[SourceVersion "1"]
[SourceVersionDate "2019.02.26"]
[SourceQuality "1"]
[WhiteTeam "Guildford"]
[BlackTeam "White Rose"]
[WhiteTeamCountry "ENG"]
[BlackTeamCountry "ENG"]

1. e4 c5 2. Nf3 d6 3. Bb5+ Bd7 4. Bxd7+ Qxd7 5. O-O Nf6 6. Qe2 Nc6 7. Rd1 g5 $5
{A critical move. ...g7-g5 is fashionable idea in this type of positions since
the game Carlsen-Topalov, Saint Louis 2015.} 8. c3 g4 9. Nh4 $1 (9. Ne1 $6 Qe6
10. d3 d5 11. Bg5 O-O-O $15 {1-0 (29) Fressinet,L (2675)-Edouard,R (2565)
Paris (blitz) 2009.}) 9... O-O-O $5 {A good solution for Black, although
there's objectively nothing wrong with the main move 9...Qe6.} (9... Qe6 10. d3
d5 $5 (10... O-O-O 11. Bf4 d5 12. Nd2 Nh5 13. Bg3 Nxg3 14. hxg3 h5 (14... Kb8
15. Nb3 b6 16. d4 cxd4 17. Nxd4 Nxd4 18. Rxd4 Bg7 19. Rb4 $40) 15. Nb3 b6 16.
d4 c4 17. Nd2 Bh6 18. Nxc4 $16 {1-0 (34) Delchev,A (2629)-Morozevich,A (2762)
Porto Carras 2011}) (10... c4 11. d4 $5 (11. dxc4 $5 Qxe4 12. Be3 Bh6 13. Nd2
Qe5 14. Nf5 Bxe3 15. Nxe3 h5 16. Qd3 $36 {1-0 (139) Vachier Lagrave,M (2768)
-Jobava,B (2713) Norway 2014}) 11... Qxe4 12. Qxc4 e6 13. Be3 Nd5 14. Nd2 Nxe3
15. Qe2 {followed by fxe3, with an easier position for White.}) 11. Bg5 (11.
Nd2 $5 O-O-O 12. Nb3 dxe4 (12... b6 $5 13. Bg5 h5 $13) 13. Nxc5 Qd5 14. Be3 Qh5
15. g3 exd3 16. Nxd3 $16 {½-½ (90) Vallejo Pons,F (2698)-Shirov,A (2709)
Norway 2014}) 11... Rg8 $1 (11... dxe4 12. Bxf6 Qxf6 13. Qxg4 $5 $146 exd3 14.
Rxd3 Ne5 15. Qa4+ Qc6 16. Qxc6+ Nxc6 17. Nd2 $36) 12. Bxf6 O-O-O $3 {I love
this idea! Now, funally enough, the best move according to the engine is...}
13. Bh8 (13. Bxe7 Bxe7 14. Nf5 dxe4 15. dxe4 Qxe4 $15) 13... dxe4 14. dxe4
Rxd1+ 15. Qxd1 Qxe4 {Leaving that bishop on h8!} 16. Nd2 Qd3 17. g3 h5 $5 18.
Nb3 Qxd1+ 19. Rxd1 Rxh8 20. Nxc5 e6 $36) 10. d4 d5 $1 11. e5 Ne4 12. Bf4 {
Other moves don't give White any advantage either.} (12. Nd2 Nxd2 13. Bxd2 cxd4
14. b4 (14. cxd4 Kb8 $5 $13) 14... d3 $5 15. Qxd3 Bg7 (15... e6 $5) 16. Bf4
Nxe5 17. Qe3 Nc4 18. Qxa7 e5 19. Bg5 f6 20. Be3 Rhe8 (20... b5 $5 $13) 21. a4
Re6 $1 22. b5 b6 23. Qa8+ Kc7 24. Qa7+ Kc8 25. Qa8+ Kc7 26. Qa7+ Kc8 27. Qa8+ {
½-½ (27) Mamedov,R (2662)-Dominguez,L (2723) Russia 2013}) (12. Be3 Rg8 13.
Nd2 Nxd2 14. Qxd2 e6 15. Bg5 Be7 16. Bxe7 Qxe7 $13 {½-½ (26) Safarli,E (2626)
-Vachier Lagrave,M (2711) Al-Ain 2012}) 12... Rg8 (12... h5 $5) 13. dxc5 Nxc5
$2 ({I was afraid of} 13... e6 $1 {and for good reason:} 14. b4 Be7 15. g3 f6
$1 16. exf6 Bxf6 $44) 14. b4 Ne6 15. Bg3 Bh6 16. Nf5 $2 (16. b5 $1 Na5 17. Nf5
$5 (17. Na3 $5 Kb8 18. Nf5 Bf4 19. Nc2 $36) 17... Nf4 18. Qc2 Ne2+ (18... Bg5
$2 19. c4 $16) 19. Qxe2 Qxf5 20. Na3 {transpositing into the game, but having
avoided 17...Bg5.}) 16... Nf4 $1 (16... Bf4 {leads to some long (almost)
forced line:} 17. b5 Nxe5 18. Rxd5 Qc7 19. Rxe5 Qxe5 20. Nxe7+ Kd7 $8 21. Qxe5
Bxe5 22. Nxg8 Bxg3 23. hxg3 Rxg8 24. Nd2 $14) 17. Qc2 $8 Ne2+ $2 (17... Bg5 $1
{was completely fine for Black.}) 18. Qxe2 Qxf5 19. b5 Na5 20. Na3 e6 (20...
Qe4 21. Qb2 $1 $16) 21. Rd4 Bf8 (21... Kb8 22. Ra4 b6 23. Nc2 $1 {was
unpleasant for Black.} (23. Rxa5 bxa5 24. b6 Rd7 $8 {holds.})) 22. Ra4 $2 {
Wrong direction.} (22. Nc2 $1 {with the idea Ne3 was right. I haven't realized
that after} Nc4 23. Rxc4+ dxc4 24. Qxc4+ Kb8 {White had} 25. Nd4 $1 Qg6 26.
Nc6+ $1 {with a winning attack:} bxc6 27. bxc6 Kc7 28. Qa6 Rb8 29. Qxa7+ Kxc6
30. Qxb8 $18) 22... Bxa3 23. Rxa3 Nc4 ({I considered} 23... b6 24. Ra4 {
followed by Rf4 and long-term pressure on the f7-pawn to be good for White,
but after} h5 25. Rf4 Qh7 26. Bh4 Rd7 {the engine just prefers Black, and
probably rightly so.}) 24. Rxa7 Kb8 25. Ra4 Qg5 $6 (25... Rc8 $1 {was a better
move.}) 26. f4 gxf3 27. Qxf3 Rd7 $6 (27... Qd2 $1 {had to be played, according
to the engine.}) 28. Re1 $1 {Now White is definitely better.} h5 (28... Qd2 $6
29. Rd1 $1 {and Black has a problem with his d7-rook (Rxc4).}) 29. Qf2 b6 30.
Ra6 $1 (30. Rxc4 $2 dxc4 31. Qxb6+ Rb7 {leds to nowhere for White.}) 30... Kb7
31. a4 Ra8 32. Bh4 (32. a5 $2 {doesn't work:} bxa5 33. Qc5 $2 Rc7 34. Rc6 Qe7
$17) 32... Qg8 33. Rxa8 Qxa8 34. Qc2 Qh8 35. Qe2 Rc7 36. h3 Qh6 37. Qf2 $6 (37.
Bf2 $1 {was stronger, as I did later in the game.}) 37... Qd2 38. Qf3 Qh6 $2 (
38... Nb2 $1 {would give Black some chances.}) 39. Bf2 Qg6 40. Bd4 Rc8 41. Rf1
Rc7 42. Qe2 Qg5 43. Rf2 Qg6 44. Qf1 Qh7 45. Kh2 Qg8 46. Rf6 $6 ({I gave up
with my initial idea} 46. Qd3 {(/\Qg3) because of} f5 {but after} 47. exf6 e5 {
the engine sees many wins for White, like} 48. Bxb6 $5 Nxb6 (48... Kxb6 49. f7
Rxf7 50. Qxd5 $18) 49. a5 Nc4 50. f7 $18) 46... Nd2 47. Qd3 Ne4 48. Rf4 Qg6 49.
Qe3 ({The engine gives} 49. a5 $1 bxa5 50. b6 {as stronger, but even after
checking it with the computer I fail to understand some subtleties.}) 49... Rc4
50. Qf3 Rc7 51. Rh4 Rc4 52. Rf4 (52. Rxh5 $2 Nd2 $132) 52... Rc7 53. Qe3 Rc4
54. Rf3 $5 h4 $6 (54... Rxa4 $6 55. Qf4 $18) (54... Rc7 $8 {was the most
challenging defence, forcing White to be creative:} 55. a5 $1 bxa5 56. Ba7 Ka8
57. Qb6 $1 {wins, e.g.} Rxa7 58. Qd8+ Kb7 59. Qd7+ Kb8 60. Qe8+ $18) 55. Qf4
Ng5 56. Rf1 Rxa4 57. Qxh4 Ra2 58. Qg4 Qd3 59. Rf4 1-0

[Event "Biel"]
[Site "Biel"]
[Date "1994.??.??"]
[Round "10"]
[White "Landenbergue, Claude"]
[Black "Gavrikov, Viktor"]
[Result "0-1"]
[WhiteElo "2450"]
[BlackElo "2600"]
[Annotator "Ernst,T"]
[PlyCount "122"]
[EventDate "1994.07.??"]
[EventType "tourn"]
[EventRounds "11"]
[EventCountry "SUI"]
[EventCategory "10"]
[SourceTitle "CBM 043"]
[Source "ChessBase"]
[SourceDate "1994.12.01"]
[SourceVersion "1"]
[SourceVersionDate "1994.12.01"]
[SourceQuality "1"]

1. e4 c5 2. Nf3 d6 3. Bb5+ Bd7 4. Bxd7+ Nxd7 5. O-O Ngf6 6. Re1 e6 7. c4 a6 8.
Nc3 Be7 9. b3 O-O 10. Bb2 Qa5 11. d4 cxd4 12. Nxd4 Rac8 (12... Rfc8 13. Rc1 g6
14. Rc2 e5 15. Nf3 b5 $10 {Madl,I/Raud,R/Budapest Festival/1991/}) 13. Rc1 Rfd8
14. Qe2 Bf8 15. Red1 g6 16. Rc2 Re8 17. Qd2 (17. Rcd2 d5 18. e5 Nh5 $13) 17...
Qc5 18. Qd3 Red8 19. Qe2 Bg7 20. Nf3 Qc7 21. Rcd2 Ne8 22. Rc2 Qa5 23. Nb1 Bf8
24. Bc3 (24. Nc3 $10) 24... Qh5 25. Qe1 Rb8 26. Bb4 Nc5 27. Re2 b5 $1 $15 28.
cxb5 axb5 29. h3 Na6 30. Bd2 h6 31. Be3 b4 32. Nbd2 Nc5 33. Bxc5 Qxc5 34. Nc4
Nf6 35. Rc2 Qa7 36. Rdc1 Rdc8 37. Nxd6 Rxc2 38. Rxc2 Bxd6 39. e5 Be7 40. exf6
Bxf6 $17 41. Qe4 Bc3 42. Ne5 Rd8 43. Qe2 Rd5 44. Ng4 Kg7 45. Qf3 Qd4 46. Ne3
Rd7 47. Qg4 Qa7 48. Qc4 Rd4 49. Qb5 Qc7 50. Rc1 Qf4 51. Rc2 Qd6 52. Qe2 Rd3 53.
Qf1 f5 54. Rc1 f4 55. Rd1 Rxd1 56. Nxd1 Qd2 $19 57. Kh2 Bd4 58. Qc4 Kf6 59. Qc8
Qxd1 60. Qf8+ Ke5 61. Qxb4 Bxf2 0-1

[Event "Tata Steel-B 80th"]
[Site "Wijk aan Zee"]
[Date "2018.01.26"]
[Round "11"]
[White "Vidit, Santosh Gujrathi"]
[Black "Korobov, Anton"]
[Result "1/2-1/2"]
[WhiteElo "2718"]
[BlackElo "2652"]
[Annotator "Fernandez,D"]
[PlyCount "61"]
[EventDate "2018.01.13"]
[EventType "tourn"]
[EventRounds "13"]
[EventCountry "NED"]
[EventCategory "15"]
[SourceTitle "CBM 183"]
[Source "ChessBase"]
[SourceDate "2018.03.14"]
[SourceVersion "1"]
[SourceVersionDate "2018.03.14"]
[SourceQuality "1"]
[TimeControl "40/6000+30:20/3000+30:900+30"]

1. e4 {[%emt 0:00:05]} c5 {[%emt 0:00:14]} 2. Nf3 {[%emt 0:00:12]} d6 {[%emt 0:
00:07]} 3. Bb5+ {[%emt 0:00:19]} Bd7 {[%emt 0:00:34]} 4. Bxd7+ {[%emt 0:00:17]}
Nxd7 {[%emt 0:00:12] Less popular than the queen recapture, though it is not
clear to me quite why.} 5. O-O {[%emt 0:00:18]} Ngf6 {[%emt 0:00:07]} (5... g6
{was the move I tried in one outing against one of the players currently in
Wijk:} 6. c3 Ngf6 7. Re1 Ne5 $6 {A typical idea, but White is not obliged to
take by any means! My opponent achieved an advantage but then lost it at some
later point:} 8. d4 cxd4 9. cxd4 Nxf3+ 10. Qxf3 Bg7 11. e5 dxe5 12. dxe5 Nd5
13. Rd1 e6 14. Nc3 O-O 15. Nxd5 exd5 16. Rxd5 Qb6 17. h4 $6 Rad8 $11 {Jones,
G-Fernandez,D London 2016}) 6. Qe2 {[%emt 0:00:15]} (6. Re1 e6 7. c3 Be7 8. d4
O-O 9. Bg5 h6 10. Bxf6 Bxf6 11. Na3 cxd4 12. cxd4 Nb6 $11 {Vachier Lagrave,
M-Nakamura,H Palma de Mallorca 2017, failed to achieve anything much.}) 6...
Qc7 {[%emt 0:01:35]} (6... Rc8 7. c3 e6 8. d4 cxd4 9. cxd4 d5 10. e5 Ne4 11.
Be3 Nb6 12. Ne1 f5 13. f3 Ng5 14. b3 Nf7 15. Nd3 Nd7 16. Nd2 Be7 17. Rac1 O-O
18. Rxc8 Qxc8 19. Rc1 Qb8 20. Nf4 Re8 21. g4 fxg4 22. fxg4 Bg5 23. Nd3 Bxe3+
24. Qxe3 Nd8 25. Nf4 Nc6 26. Nf3 Qd8 27. Rf1 Qe7 28. h4 Nf8 29. Rf2 Rc8 30. Kg2
{1/2-1/2 (30) Mamedov,R (2680)-Ivanchuk,V (2729) Kocaeli 2017}) 7. Rd1 {
[%emt 0:04:23]} (7. c3 {is main and we can only assume from his later play
that Black wanted} e6 8. d4 Be7 $11 {or similar, with a fairly solid position
and completion of development one move away for both sides.}) 7... e6 {[%emt 0:
03:38]} 8. d4 {[%emt 0:00:26]} (8. c4 $5 {was the logical way to implement a
'light square only' pawn structure. To avoid being slightly worse, Black has
to make a tough strategic call between ...e5 and ...Ne5.}) 8... cxd4 {[%emt 0:
00:53]} 9. Nxd4 {[%emt 0:00:03]} (9. Rxd4 $5 {merited consideration, still
trying to set up with c4, e.g.} Rc8 10. Na3 Be7 11. Rc4 Qb8 12. Rxc8+ Qxc8 13.
c4 $132) 9... Rc8 {[%emt 0:01:07] A nice point. Now White would really rather
not play Nc3, so his options are limited.} 10. Nb5 {[%emt 0:14:33]} (10. b3 $5
{This leads to the setup White wanted, he just has to see that ...e5 is not
favourable.} a6 (10... e5 11. Nb5 Qxc2 12. Qxc2 Rxc2 13. N1a3 $14) 11. c4 Be7
12. Bb2 $11) 10... Qxc2 {[%emt 0:10:43]} 11. Qxc2 {[%emt 0:04:16]} Rxc2 {
[%emt 0:00:23]} 12. N1a3 {[%emt 0:01:32]} Rc8 {[%emt 0:02:32]} 13. Nxa7 {
[%emt 0:00:59]} Rd8 {[%emt 0:00:12]} 14. N7b5 {[%emt 0:08:58]} (14. f3 d5 $17)
14... Nxe4 {[%emt 0:02:56]} 15. f3 {[%emt 0:04:13]} Nef6 {[%emt 0:00:29]} 16.
Nxd6+ {[%emt 0:02:09]} Bxd6 {[%emt 0:00:24]} 17. Rxd6 {[%emt 0:00:01]} Ke7 {
[%emt 0:02:41]} 18. Rd4 {[%emt 0:14:34]} Ne5 {[%emt 0:05:21]} 19. Be3 {[%emt 0:
00:51]} Nc6 {[%emt 0:06:05]} (19... Nd5 {is a bit more ambitious; Black's
minor pieces are probably slightly better placed so he should think about
fighting for an advantage.}) 20. Rxd8 {[%emt 0:02:48]} Rxd8 {[%emt 0:00:11]}
21. Bc5+ {[%emt 0:04:35]} Kd7 {[%emt 0:00:57]} 22. Nc4 {[%emt 0:05:54]} Nd5 {
[%emt 0:02:13]} 23. a4 {[%emt 0:02:19] Whereas in this version, White' bishop
has become active so although Black may still be optically for choice, there
decidedly isn't an edge unless White messes up.} e5 {[%emt 0:08:33]} 24. a5 {
[%emt 0:16:24]} Ke6 {[%emt 0:02:22]} (24... f6 {is more patient and keeps open
knight re-routings starting with ...Nc7, but should objectively also be
nothing.}) 25. a6 {[%emt 0:01:10]} bxa6 {[%emt 0:02:47]} 26. Rxa6 {[%emt 0:00:
04]} Kd7 {[%emt 0:00:04]} 27. b4 {[%emt 0:07:20] A final simplifying
combination.} Ndxb4 {[%emt 0:01:58]} 28. Bxb4 {[%emt 0:02:33]} Nxb4 {[%emt 0:
00:06]} 29. Rd6+ {[%emt 0:01:11]} Ke7 {[%emt 0:00:17]} 30. Rxd8 {[%emt 0:00:01]
} Kxd8 {[%emt 0:00:08]} 31. Nxe5 {[%emt 0:00:02]} 1/2-1/2